| 000 | 00633nam a2200241 a 4500 | ||
|---|---|---|---|
| 005 | 20140310183519.0 | ||
| 008 | 110608s19uu xx 00 eng d | ||
| 020 | _a9780071271004 | ||
| 050 |
_aHF 5429 _b.L4828 2009 |
||
| 100 | _aLevy, Michael | ||
| 245 | _aRetailing management. | ||
| 250 | _a7th ed. | ||
| 260 |
_aNew York : _bMcGraw-Hill/Irwin, _c2009. |
||
| 300 |
_a702 p. : _bill. ; _c27 cm. |
||
| 520 | _aIncludes glossary and index. | ||
| 521 | _aBSBA | ||
| 546 | _aC12170 | ||
| 546 | _aC12190 | ||
| 546 | _aC12191 | ||
| 650 | _aRetail trade-- Management. | ||
| 700 | _aBarton, A. Weitz | ||
| 942 |
_cBK _2lcc _kFOR |
||
| 999 |
_c24380 _d24380 |
||